| 000 | 00500nam a2200181Ia 4500 | ||
|---|---|---|---|
| 008 | 240925s9999 xx 000 0 und d | ||
| 020 | _a9781259062537 | ||
| 082 | _a511 LIP | ||
| 100 | _aLipschutz, Seymour | ||
| 245 | 0 | _aDiscrete Mathematics | |
| 250 | _a3rd | ||
| 260 |
_aNew Delhi: _bMcGraw Hill Education (India) Private Limited _c,2013. |
||
| 300 |
_axxii, 857p. _b0 _fOriginal |
||
| 500 | _aIncludes Index | ||
| 600 | _aHumanities & Natural Science | ||
| 650 | _aMathematics | ||
| 942 | _cBK | ||
| 999 |
_c12516 _d12516 |
||